000 00486nam a22001577a 4500
003 macl
005 20190430131104.0
008 190430b xxu||||| |||| 00| 0 eng d
040 _cmacl
082 _a800
100 _aबाली सूर्यकान्‍त
_948550
245 _aमहाभारत का धर्मसंकट
260 _aदिल्‍ली
_bप्रभात प्रकाशन
_c2014
650 _aआलेख
_933062
942 _2ddc
_cHIN
999 _c59605
_d59605